A return to Christmas / (Record no. 133258)
[ view plain ]
| 000 -LEADER | |
|---|---|
| fixed length control field | 01370pam a2200361 a 4500 |
| 008 - FIXED-LENGTH DATA ELEMENTS--GENERAL INFORMATION | |
| fixed length control field | 970515s1997 nyu 000 1 eng |
| 010 ## - LIBRARY OF CONGRESS CONTROL NUMBER | |
| LC control number | 97021427 |
| 020 ## - INTERNATIONAL STANDARD BOOK NUMBER | |
| International Standard Book Number | 0345419162 |
| 035 ## - SYSTEM CONTROL NUMBER | |
| System control number | 06833C6D06EB4231ABF290C54D8926F4 |
| 040 ## - CATALOGING SOURCE | |
| Original cataloging agency | DLC |
| Transcribing agency | DLC |
| Modifying agency | ICrlF |
| 043 ## - GEOGRAPHIC AREA CODE | |
| Geographic area code | n-us-ut |
| 050 00 - LIBRARY OF CONGRESS CALL NUMBER | |
| Classification number | PS3558.E454 |
| Item number | R47 1997 |
| 082 00 - DEWEY DECIMAL CLASSIFICATION NUMBER | |
| Classification number | 813/.54 |
| Edition number | 21 |
| 035 ## - SYSTEM CONTROL NUMBER | |
| System control number | 06833C6D06EB4231ABF290C54D8926F4 |
| 005 - DATE AND TIME OF LATEST TRANSACTION | |
| control field | 20241220142812.0 |
| 001 - CONTROL NUMBER | |
| control field | 30210 |
| 003 - CONTROL NUMBER IDENTIFIER | |
| control field | DCL |
| 100 1# - MAIN ENTRY--PERSONAL NAME | |
| Personal name | Heimerdinger, Chris. |
| 9 (RLIN) | 75719 |
| 245 12 - TITLE STATEMENT | |
| Title | A return to Christmas / |
| Statement of responsibility, etc | Chris Heimerdinger. |
| 250 ## - EDITION STATEMENT | |
| Edition statement | Ballantine Books ed. |
| 260 ## - PUBLICATION, DISTRIBUTION, ETC. (IMPRINT) | |
| Place of publication, distribution, etc | New York : |
| Name of publisher, distributor, etc | Ballantine Books, |
| Date of publication, distribution, etc | 1997. |
| 300 ## - PHYSICAL DESCRIPTION | |
| Extent | 198 p. ; |
| Dimensions | 19 cm. |
| 520 ## - SUMMARY, ETC. | |
| Summary, etc | Artemus Holiday, an eleven-year-old whose twin brother drowned in a tragic accident at the age of three, encounters a homeless boy who looks very much like him while birthday shopping at the mall and sets off a remarkable chain of Christmas miracles. |
| 521 2# - TARGET AUDIENCE NOTE | |
| Target audience note | Young Adult |
| Source | Follett Library Resources |
| 650 #0 - SUBJECT ADDED ENTRY--TOPICAL TERM | |
| Topical term or geographic name as entry element | Twins |
| Form subdivision | Fiction. |
| 9 (RLIN) | 5674236 |
| 650 #0 - SUBJECT ADDED ENTRY--TOPICAL TERM | |
| Topical term or geographic name as entry element | Family |
| Geographic subdivision | Utah |
| Form subdivision | Fiction. |
| 9 (RLIN) | 6519907 |
| 650 #0 - SUBJECT ADDED ENTRY--TOPICAL TERM | |
| Topical term or geographic name as entry element | Christmas stories, American. |
| 9 (RLIN) | 6285525 |
| 650 #7 - SUBJECT ADDED ENTRY--TOPICAL TERM | |
| Topical term or geographic name as entry element | Twins |
| Form subdivision | Fiction. |
| Source of heading or term | sears |
| 9 (RLIN) | 5674236 |
| 650 #7 - SUBJECT ADDED ENTRY--TOPICAL TERM | |
| Topical term or geographic name as entry element | Family life |
| Form subdivision | Fiction. |
| Source of heading or term | sears |
| 9 (RLIN) | 5674038 |
| 650 #7 - SUBJECT ADDED ENTRY--TOPICAL TERM | |
| Topical term or geographic name as entry element | Christmas |
| Form subdivision | Fiction. |
| Source of heading or term | sears |
| 9 (RLIN) | 5675145 |
| 651 #7 - SUBJECT ADDED ENTRY--GEOGRAPHIC NAME | |
| Geographic name | Utah |
| Form subdivision | Fiction. |
| Source of heading or term | sears |
| 9 (RLIN) | 5675539 |
| 942 ## - ADDED ENTRY ELEMENTS (KOHA) | |
| Koha item type | UNKNOWN |
| Withdrawn status | Lost status | Source of classification or shelving scheme | Damaged status | Not for loan | Collection code | Home library | Current library | Shelving location | Date acquired | Source of acquisition | Total Checkouts | Total Renewals | Full call number | Barcode | Date last seen | Date checked out | Cost, replacement price | Price effective from | Koha item type |
|---|---|---|---|---|---|---|---|---|---|---|---|---|---|---|---|---|---|---|---|
| Dewey Decimal Classification | Adult Fiction LDS | Wasatch County Library | Wasatch County Library | First Floor | 10/29/2020 | Donation | 7 | 4 | F LDS Heimerdinger | 34301001662594 | 12/26/2024 | 11/23/2024 | 14.95 | 10/29/2020 | BOOK |
